Obras escogidas del Padre Pedro de Rivadeneira de la Compañía de Jesús: con una noticia de su vida y juicio crítico de sus escritos

Guardat en:
Dades bibliogràfiques
Autor principal: Fuente, Vicente de la (Autor)
Format: Llibre
Idioma:espanyol
Publicat: Madrid Atlas 1951
Col·lecció:Biblioteca de Autores Españoles desde la formación del lenguaje hasta nuestros días, 60
Matèries:
Etiquetes: Afegir etiqueta
Sense etiquetes, Sigues el primer a etiquetar aquest registre!

MARC

LEADER 00000nam a2200000 a 4500
001 UCX5592
003 CL-VaPUC
008 921127e19510000SP |||||||||||||||||spa|d
082 0 4 |a 863.09  |b FUE  |2 21 
100 0 |a Fuente, Vicente de la  |e author  |9 321903 
245 1 0 |a Obras escogidas del Padre Pedro de Rivadeneira de la Compañía de Jesús: con una noticia de su vida y juicio crítico de sus escritos 
300 |a 609 p 
942 |c BK 
945 |d 19921127 00:00:00 
260 |a Madrid  |b Atlas  |c 1951 
600 0 7 |a RIVADENEIRA, PEDRO DE  |2 CL-VaPUC  |9 321904 
650 0 |a Literatura religiosa   |9 266283 
650 7 |a PROSA RELIGIOSA  |2 CL-VaPUC  |9 313584 
650 0 |a Literatura española  |9 306261 
583 |a last modification  |c 19921127 00:00:00  |k Rodrigo Vera 
490 0 |a Biblioteca de Autores Españoles desde la formación del lenguaje hasta nuestros días, 60 
999 |c 225807  |d 225805 
952 |0 0  |1 0  |4 0  |6 863_090000000000000_FUE_1951  |7 0  |8 A  |9 223645  |a FDOPOS  |b FDOPOS  |d 2019-11-15  |i 2924773  |o 863.09 FUE 1951  |p 2924773  |r 2025-01-22  |w 2019-11-15  |y BK  |k MLH 
952 |0 0  |1 0  |4 0  |6 863_090000000000000_FUE_1951  |7 0  |8 A  |9 223646  |a FDOPOS  |b FDOPOS  |d 2019-11-15  |i 2924781  |o 863.09 FUE 1951  |p 2924781  |r 2025-01-22  |w 2019-11-15  |y BK  |k MLH